LEADER 01598nam 22004333 450 001 9911047867403321 005 20260407224352.0 010 $a3-8394-7605-4 035 $a(MiAaPQ)EBC32430596 035 $a(Au-PeEL)EBL32430596 035 $a(CKB)43727941900041 035 $a(EXLCZ)9943727941900041 100 $a20251130d2025 uy 0 101 0 $ager 135 $aurcnu|||||||| 181 $ctxt$2rdacontent 182 $cc$2rdamedia 183 $acr$2rdacarrier 200 14$aDie Entgrenzung des Ruralen $eTransformationen Von ländlichkeit und ländlichen Räumen Vom 19. Jahrhundert Bis Zur Gegenwart 205 $a1st ed. 210 1$aBielefeld :$ctranscript Verlag,$d2025. 210 4$d©2025. 215 $a1 online resource (459 pages) 311 08$a3-8376-7605-6 330 $aIn den Geistes- und Sozialwissenschaften stehen ländliche Räume bereits seit geraumer Zeit im Fokus insbesondere, wenn es darum geht, die tiefgreifenden sozialen, ökologischen, politischen oder ökonomischen Transformationen vom 19.Jahrhundert bis in die Gegenwart zu untersuchen. 606 $aART / Criticism & Theory$2bisacsh 606 $aHISTORY / Europe / General$2bisacsh 606 $aPHILOSOPHY / Social$2bisacsh 615 7$aART / Criticism & Theory 615 7$aHISTORY / Europe / General 615 7$aPHILOSOPHY / Social 700 $aBarthold$b Willi Wolfgang$f1994-$01899187 801 0$bMiAaPQ 801 1$bMiAaPQ 801 2$bMiAaPQ 906 $aBOOK 912 $a9911047867403321 996 $aDie Entgrenzung des Ruralen$94558328 997 $aUNINA